[Event "Online Olym Div3 C"]
[Site "Chess.com INT"]
[Date "2021.08.29"]
[Round "8.5"]
[White "Abed Elwahab, Masoud"]
[Black "Mwape, Mwewa"]
[Result "1-0"]
[WhiteElo "1836"]
[BlackElo "1798"]
[PlyCount "97"]
[EventDate "2021.08.27"]
[EventType "team-tourn (rapid)"]
[EventRounds "9"]
[EventCountry "USA"]
[SourceTitle "CBM 204 Extra"]
[Source "ChessBase"]
[SourceDate "2021.11.30"]
[SourceVersion "1"]
[SourceVersionDate "2021.11.30"]
[SourceQuality "1"]
[WhiteTeam "Palestine"]
[BlackTeam "Zambia"]
[WhiteTeamCountry "PLE"]
[BlackTeamCountry "ZAM"]

1. b3 d5 2. Bb2 Bf5 3. d3 Nf6 4. Nd2 e6 5. g3 c5 6. Bg2 Nc6 7. e4 dxe4 8. Nxe4 Bxe4 9. dxe4 Qa5+ 10. Qd2 Qxd2+ 11. Kxd2 0-0-0+ 12. Kc1 Be7 13. h3 Rd7 14. e5 Nd5 15. Ne2 Bd8 16. Nc3 Nde7 17. Ne4 Bb6 18. Nd6+ Kb8 19. f4 Nd5 20. Rd1 Ne3 21. Bxc6 bxc6 22. Rd3 Nd5 23. Ba3 f6 24. Nc4 Rhd8 25. Kb2 Nb4 26. Rxd7 Rxd7 27. c3 Nd3+ 28. Kc2 Nf2 29. Rf1 Nxh3 30. Rh1 Nf2 31. Rxh7 f5 32. Nd6 Ne4 33. Rh8+ Bd8 34. Nxe4 fxe4 35. Bxc5 Kb7 36. Bd4 Bb6 37. Re8 Bxd4 38. cxd4 Rxd4 39. Kc3 Rd1 40. Kc2 Rd7 41. Rxe6 e3 42. Rd6 Rxd6 43. exd6 Kc8 44. Kd3 Kd7 45. Kxe3 Kxd6 46. Ke4 a5 47. g4 Kc5 48. f5 Kd6 49. g5 1-0